Statistiques concernant Villes de la Région Pokémon de Kalos sur la carte

Cliquez ici pour prendre le quiz!

Statistiques générales

  • Ce quiz a été pris 422 fois
    (403 depuis la dernière actualisation)
  • Le résultat moyen est 12 sur 17

Réponses sur la Carte

Les réponses sont colorées sur une échelle allant du rouge au vert en fonction du pourcentage des utilisateurs qui les ont devinées à leur premier essai. Vous pouvez retrouver ces pourcentages ci-dessous.
 

Statistiques - réponses

Réponse% Correct
Illumis
97%
Bourg Croquis
91%
Neuvartault
82%
Ligue Pokémon
76%
Quarellis
70%
Auffrac-les-Congères
69%
Fort-Vanitas
69%
Roche-sur-Gliffe
69%
Romant-sous-Bois
68%
Port Tempères
67%
Batisques
66%
Cromlac'h
65%
Yantreizh
62%
Mozheim
58%
Relifac-le-Haut
57%
La Frescale
49%
Flusselles
48%

Distribution des résultats

Percentile par nombre de réponses

% des personnes avec chaque résultat

Votre développement - résultats

Vous n’avez pas pris ce quiz depuis la dernière actualisation